000 00653nam a2200241Ia 4500
003 OSt
005 20220918191546.0
006 a|||||r|||| 00| 0
007 ta
008 220917b |||||||| |||| 00| 0 eng d
024 _a64,060
037 _cTextual
040 _aARTS
_cARTS
_beng
041 _2eng
_aeng
082 _aRz7, K3-;1 (RD)
100 _aMagill Frank N ed
245 0 _aMasterpieces of world philosophy
_b in summary form
260 _c1963
650 _aPHILOSOPHY
700 _a McGreal Ian P ed
_976617
942 _hRz7, K3-;1 (RD)
_cTEXL
_2CC
999 _c190536
_d190536